Technológia tvárnenia /

Salvato in:
Dettagli Bibliografici
Autore principale: Kollerová, Mária (Autore)
Natura: Libro
Lingua:slovacco
Pubblicazione: Košice : Vysoká škola technická v Košiciach, 1986
Edizione:1.vyd.
Soggetti:
Tags: Aggiungi Tag
Nessun Tag, puoi essere il primo ad aggiungerne!!

MARC

LEADER 00000nam a22000003a 4500
001 stu37849
005 20150617225728.3
008 920827s1986----cs------------------slo-d
040 |a STU  |b slo 
041 0 |a slo 
044 |a cs 
080 |a 621.77(075.8) 
100 1 |a Kollerová, Mária  |4 aut 
245 1 |a Technológia tvárnenia /  |c [aut.]Mária Kollerová 
250 |a 1.vyd. 
260 |a Košice :  |b Vysoká škola technická v Košiciach,  |c 1986 
300 |a 251 s 
650 7 |a tvárnenie  |2 stusub 
996 |b 284M077190  |c M*S-525-1  |l MMKN  |s A  |a 24  |w stu37849_0001